| 000 | 00763nac a22002291u 4500 | ||
|---|---|---|---|
| 020 | _a0824725654 | ||
| 082 |
_a677.02832 _bFIB |
||
| 090 |
_c9142 _d9142 |
||
| 100 | _a20080729 | ||
| 245 |
_aHandbook of fiber chemistry / _cedited by Menachem Lewin. |
||
| 250 | _a3rd ed. | ||
| 260 |
_aLondon : _b Taylor & Francis,2007. _c2007 |
||
| 300 |
_a1044 p.: _bill.; _c26 cm. |
||
| 440 |
_aInternational fiber science and technology series ; _v16 |
||
| 500 | _adistributer: Al-Ahram | ||
| 504 | _a Includes bibliographical references and index. | ||
| 511 | _acatalogued by: wessam | ||
| 650 | _aTextile fibers. | ||
| 650 | _aTextile chemistry. | ||
| 700 |
_aLewin, Menachem, _d1918- |
||
| 942 |
_cBB _k677.02832 FIB |
||
| 999 |
_c9142 _d9142 |
||